Holdingové štruktúry a ich fungovanie na nadnárodnej úrovni diplomová práca

Guardado en:
Detalles Bibliográficos
Autor principal: Rajnohová, Henrieta
Autor Corporativo: Fakulta podnikového manažmentu EU. Katedra podnikových financií
Otros Autores: Harumová, Anna, 1955-
Formato: Libro
Lenguaje:eslovaco
Publicado: Bratislava 2021
Etiquetas: Agregar Etiqueta
Sin Etiquetas, Sea el primero en etiquetar este registro!

MARC

LEADER 00000nbm a2200000 4500
001 0275581
005 20211129123822.6
041 0 |a slo 
044 |a SK 
245 1 0 |a Holdingové štruktúry a ich fungovanie na nadnárodnej úrovni  |b diplomová práca  |c Henrieta Rajnohová ; školiteľ: Anna Harumová 
264 1 |a Bratislava  |c 2021 
300 |a 84 s. 
100 1 |a Rajnohová, Henrieta 
700 1 |a Harumová, Anna, 1955- 
710 2 |a Fakulta podnikového manažmentu EU. Katedra podnikových financií